Fundamentos de seguridad de redes. Especialista en Firewall Cisco

-д хадгалсан:
Номзүйн дэлгэрэнгүй
Байгууллагын зохиогч: Cisco Systems (Зохиогч)
Формат: Ном
Хэл сонгох:испани
Хэвлэсэн: Madrid Pearson Educación 2005
Нөхцлүүд:
Шошгууд: Шошго нэмэх
Шошго байхгүй, Энэхүү баримтыг шошголох эхний хүн болох!

MARC

LEADER 00000nam a2200000 a 4500
001 UCK6716
003 CL-VaPUC
008 051014e20050000SP |||||||||||||||||spa|d
020 |a 8420545406 
082 0 4 |a 004.62  |b CIS  |2 21 
110 2 |a Cisco Systems  |e author  |9 496159 
245 1 0 |a Fundamentos de seguridad de redes. Especialista en Firewall Cisco 
300 |a 804 p 
942 |c BK 
945 |d 20051014 00:00:00  |a cmena 
260 |a Madrid  |b Pearson Educación  |c 2005 
500 |a Incluye Cd-Rom 
650 0 |a Protocolos de redes   |9 464559 
650 0 |a Redes de computadores  |9 263293 
650 0 |a Internet   |9 254823 
650 7 |a PROTOCOLO INTERNET  |2 CL-VaPUC  |9 496160 
583 |a last modification  |c 20051014 00:00:00  |k Rodrigo Vera 
999 |c 314908  |d 314906 
952 |0 0  |1 1  |2 ddc  |4 0  |6 004_620000000000000_CIS_2005  |7 0  |8 A  |9 387710  |a BIBING  |b BIBING  |d 2019-11-22  |i 4173651  |o 004.62 CIS 2005  |p 4173651  |r 2023-03-02  |w 2019-11-22  |y BK  |k EIE